000 00700cam a2200241Ia 4500
008
020 _a9780702171604 (pbk.)
049 _aMAIN
090 _aBF139
_bGRI
100 1 _aGrieve, Kate
245 1 2 _aA student's A-Z of psychology /
_cK. Grieve and V. Van Deventer
260 _aSouth Africa :
_bJuta,
_cc2005.
300 _aiv, 354 p. :
_bill. ;
_c25 cm
504 _aIncludes bibliographical references.
650 0 _aPsychology.
653 _aPsychology
_astudent guide.
700 1 _aVan Deventer, Vasi.
907 _a.b10396457
_b06-03-19
_c06-03-19
003
005 20230123141135.0
040 _cNUST
942 _cBOOKS
_kBF139
_mGRI
999 _c168379
_d168379